MARC

LEADER 00000cas a2200000 a 4500
001 vtls010301915
003 SK-MaSNL
005 20260228162558.0
008 220419d19551992xo sr per 0 b0slo
015 |a SNBDS17XX9999 
022 |a 1210-2431 
040 |a SNK  |b slo  |c SNK  |e AACR2 
041 0 |a slo 
044 |a xo  |c SK 
072 7 |a 621  |x Strojárstvo  |2 konspekt 
080 |a 621  |2 2011 
080 |a (085.3)  |2 2011 
080 |a 050  |2 2011 
210 0 |a Podpolian. stroj. 
222 0 |a Podpoliansky strojár 
245 0 0 |a Podpoliansky strojár 
246 1 3 |a Strojár  |f 16/1970 
246 1 3 |a Podpoliansky ZTS strojár  |f 25-26/1980-12/1990 
260 |a Detva  |b ZO KSS, ROH, ČSM a vedenie podniku Podpolianske strojárne  |c 1955-1992 
260 2 |3 16/1970  |a Detva  |b Tlačový orgán CZV KSS, ZV OZ a CZV ZMS 
260 2 |3 17/1970-2/1977  |a Detva  |b Tlačový orgán CZV KSS, PV OZ, CZV SZMS a vedenia n. p. Podpolianske strojárne Detva, nositeľ Radu práce 
260 2 |3 3/1977-1/1978  |a Detva  |b Tlačový orgán CZV KSS a vedenia n. p. Podpolianske strojárne Detva, nositeľa Radu práce 
260 2 |3 2/1978-19/1988  |a Detva  |b Tlačový orgán CZV KSS a vedenia n. p. Závody ťažkého strojárstva Detva, nositeľa Radu práce 
260 2 |3 20/1988-22/1989  |a Detva  |b Tlačový orgán CZV KSS a vedenia ZŤS, kombinát, kombinátny podnik Detva, nositeľa Radu práce 
260 2 |3 23/1989-12/1990  |a Detva  |b Tlačový orgán vedenia ZŤS, kombinát, kombinátny podnik Detva, nositeľa Radu práce 
260 2 |3 13/1990-2/1991  |a Detva  |b Tlačový orgán vedenia Podpolianskych strjární, š. p. Detva, nositeľa Radu práce 
260 3 |3 3/1991-15/1992  |a Detva  |b Hospodárske vedenie Podpolianskych strojárni, š. p. Detva, nositeľa Radu práce 
300 |a 34 zv.  |c 30-49 cm 
310 |a 2x mesačne 
362 0 |a Roč. 1, č. 1 (1955)-roč. 11 (1965) ; roč. 11 (1970)-roč. 32 (1992) 
500 |a Zmena podnázvu: od č. 1/1958, závodný časopis zamestnancov Podpolianskych strojární, národný podnik v Detve ; od č. 17/1959, časopis zamestnancov Podpolianskych strojární n. p. Detva ; č. 16/1970, časopis pre zamestnancov PPS nositeľa Radu práce ; od č. 17/1970, časopis pracujúcich PPS, n. p. Detva, nositeľa "Radu práce" ; od č. 2/1978, časopis pracujúcich ZŤS, n. p., Detva, nositeľa "Radu práce" ; od č. 25-26/1980, časopis pracujúcich ZTS, národný podnik, Detva, nositeľ Radu práce ; od č. 20/1988, noviny pracujúcich ZTS kombinát, kombinátny podnik Detva - nositeľa Radu práce ; od č. 13/1990, noviny PPS Detva 
500 |a Podnázov v tiráži: časopis pracujúcich n. p. Podpolianske strojárne v Detve 
500 |a Zmena formátu od č. 1/1958: 43 x 31 cm 
500 |a Redaktori sa menia 
500 |a Tlač.: Pohronské tlačiarne, n. p., prev. vo Zvolene ; od č. 7/1958, Tlačiarne Slov. národného povstania, n. p., prev. vo Zvolene ; od č. 16/1970, Tlačiarne Slov. národného povstania, n. p., Martin závod Banská Bystrica ; od č. 1/1991, Tlačiarne BB, š. p. Martin, závod Banská Bystrica ; od č. 19/1991, Reprografické stredisko OTR, PPS Detva 
500 |a Prerušenie vydávania v r. 1966-1969 
500 |a Registračné č.: SKP-16 
515 |a R. 1959 má chybne označené č. 16,17,18,21 ; r. 1965 a r. 1970 majú duplicitné označenie ročníka (roč. 11) ; r. 1977 a r. 1978 majú duplicitné označenie ročníka (roč. 18) 
515 |a Niektoré čísla vychádzajú ako dvojčíslo 
515 |a S č. 26/1977 vydané č. 1/1978 
525 |a Príloha r. 1959 : Zásady novej mzdovej sústavy 
610 2 7 |a Podpolianske strojárne, n.p. (Detva)  |9 271476 
650 0 7 |a strojárstvo  |2 SNKPH  |9 674 
655 7 |a podnikové periodiká  |2 SNKPH  |9 132333 
710 2 |a Podpolianske strojárne, n.p. (Detva)  |4 pbl  |9 271476 
710 2 |a Pohronské tlačiarne, n.p. (Banská Bystrica).  |b Prevádzka Zvolen  |4 prt  |9 271477 
710 2 |a Tlačiarne SNP (Martin, Slovensko).  |b Prevádzka Zvolen  |4 prt  |9 245966 
910 |a snk 
916 |a 1955-1992 
999 |c 8074  |d 10004 
952 |0 0  |1 0  |4 0  |7 0  |a SNK  |b SNK  |d 1997-02-12  |i snkČSP 2329/91  |l 0  |o snkČSB 1115/30/1990  |p 17A0037825  |r 2005-01-02 00:00:00  |t č. 1-23  |w 2026-02-21  |y PREZ 
952 |0 0  |1 0  |4 0  |7 0  |8 0  |a SNK  |b SNK  |d 2023-04-21  |i snkČSP 677/84  |l 0  |o snkČSB 1115/23[24]/1983 D1  |p 17A1348887  |r 2026-02-21 19:29:07  |t č. 1-26  |w 2026-02-21  |y PREZ 
952 |0 0  |1 0  |4 0  |7 0  |8 0  |a SNK  |b SNK  |d 2023-04-21  |i snkČSP 860/85  |l 0  |o snkČSB 1115/24[25]/1984 D1  |p 17A1348886  |r 2026-02-21 19:29:07  |t č. 1-25  |w 2026-02-21  |y PREZ 
952 |0 0  |1 0  |4 0  |7 0  |8 0  |a SNK  |b SNK  |d 2023-04-21  |i snkČSP 1201/86  |l 0  |o snkČSB 1115/25[26]/1985 D1  |p 17A1348885  |r 2026-02-21 19:29:07  |t č. 1-24  |w 2026-02-21  |y PREZ 
952 |0 0  |1 0  |4 0  |7 0  |a SNK  |b SNK  |d 2022-04-19  |i snkČSP 660/83  |l 0  |o snkČSB 1115/22/1982 D1  |p 17A1462905  |r 2026-02-21 20:00:29  |t č. 1-25  |w 2026-02-21  |y PREZ 
952 |0 0  |1 0  |4 0  |7 0  |a SNK  |b SNK  |d 2022-04-14  |f 1  |i snkČSP 825/57  |l 0  |o snkČSB 1115/1/1955  |p 17A0749952  |r 2026-02-21 20:10:41  |t č. 1-24, neúplné  |w 2026-02-21  |y PREZ  |z Chýba č. 23 
952 |0 0  |1 0  |4 0  |7 0  |a SNK  |b SNK  |d 2022-04-14  |f 1  |i snkČSP 644/57  |l 0  |o snkČSB 1115/2/1956  |p 17A0749949  |r 2026-02-21 20:10:41  |t č. 1-25  |w 2026-02-21  |y PREZ 
952 |0 0  |1 0  |4 0  |7 0  |a SNK  |b SNK  |d 2022-04-14  |f 1  |i snkČSP 471/58  |l 0  |o snkČSB 1115/3/1957  |p 17A0750072  |r 2026-02-21 20:10:42  |t č. 1-24  |w 2026-02-21  |y PREZ 
952 |0 0  |1 0  |4 0  |7 0  |a SNK  |b SNK  |d 2022-04-14  |f 1  |i snkČSP 487/60  |l 0  |o snkČSB 1115/4/1958  |p 17A0750071  |r 2026-02-21 20:10:42  |t č. 1-24, neúplné  |w 2026-02-21  |y PREZ  |z Chýba č. 24 
952 |0 0  |1 0  |4 0  |7 0  |a SNK  |b SNK  |d 2022-04-14  |f 1  |i snkČSP 122/61  |l 0  |o snkČSB 1115/5/1959  |p 17A0750070  |r 2026-02-21 20:10:42  |t č. 1-24, neúplné  |w 2026-02-21  |y PREZ  |z -chýba č. 9,24 ; -č. 16,17,18,21 sú chybne označené 
952 |0 0  |1 0  |4 0  |7 0  |a SNK  |b SNK  |d 2022-04-14  |f 1  |i snkČSP 1503/61  |l 0  |o snkČSB 1115/6/1960  |p 17A0750069  |r 2026-02-21 20:10:42  |t č. 1-24  |w 2026-02-21  |y PREZ 
952 |0 0  |1 0  |4 0  |7 0  |a SNK  |b SNK  |d 2022-04-14  |f 1  |i snkČSP 84/62  |l 0  |o snkČSB 1115/7/1961  |p 17A0750068  |r 2026-02-21 20:10:42  |t č. 1-30  |w 2026-02-21  |y PREZ 
952 |0 0  |1 0  |4 0  |7 0  |a SNK  |b SNK  |d 2022-04-14  |f 1  |i snkČSP 534/63  |l 0  |o snkČSB 1115/8/1962  |p 17A0750067  |r 2026-02-21 20:10:42  |t č. 1-51  |w 2026-02-21  |y PREZ 
952 |0 0  |1 0  |4 0  |7 0  |a SNK  |b SNK  |d 2022-04-14  |f 1  |i snkČSP 169/64  |l 0  |o snkČSB 1115/9/1963  |p 17A0750066  |r 2026-02-21 20:10:42  |t č. 1-46  |w 2026-02-21  |y PREZ 
952 |0 0  |1 0  |4 0  |7 0  |a SNK  |b SNK  |d 2022-04-14  |f 1  |i snkČSP 1063/75  |l 0  |o snkČSB 1115/10/1964  |p 17A0750081  |r 2026-02-21 20:10:42  |t č. 1-50, neúplné  |w 2026-02-21  |y PREZ  |z Chýba č. 40 
952 |0 0  |1 0  |4 0  |7 0  |a SNK  |b SNK  |d 2022-04-14  |f 1  |i snkČSP 344/65  |l 0  |o snkČSB 1115/11/1965  |p 17A0750080  |r 2026-02-21 20:10:42  |t č. 1-10  |w 2026-02-21  |y PREZ 
952 |0 0  |1 0  |4 0  |7 0  |a SNK  |b SNK  |d 2022-04-14  |f 1  |l 0  |o snkČSB 1115/11/1970  |p 17A0750079  |r 2026-02-21 20:10:42  |t len č. 16-17  |w 2026-02-21  |y PREZ 
952 |0 0  |1 0  |4 0  |7 0  |a SNK  |b SNK  |d 2022-04-14  |f 1  |i snkČSP 112/76  |l 0  |o snkČSB 1115/12/1971  |p 17A0750078  |r 2026-02-21 20:10:42  |t č. 1-25, neúplné  |w 2026-02-21  |y PREZ  |z Chýba č. 6-10,15 
952 |0 0  |1 0  |4 0  |7 0  |a SNK  |b SNK  |d 2022-04-14  |f 1  |i snkČSP 146/76  |l 0  |o snkČSB 1115/13/1972  |p 17A0750077  |r 2026-02-21 20:10:42  |t č. 1-26  |w 2026-02-21  |y PREZ 
952 |0 0  |1 0  |4 0  |7 0  |a SNK  |b SNK  |d 2022-04-14  |f 1  |i snkČSP 148/76  |l 0  |o snkČSB 1115/14/1973  |p 17A0750076  |r 2026-02-21 20:10:42  |t č. 1-27, neúplné  |w 2026-02-21  |y PREZ  |z Chýba č. 11,13 
952 |0 0  |1 0  |4 0  |7 0  |a SNK  |b SNK  |d 2022-04-14  |f 1  |i snkČSP 727/75  |l 0  |o snkČSB 1115/15/1974  |p 17A0750075  |r 2026-02-21 20:10:42  |t č. 1-25, neúplné  |w 2026-02-21  |y PREZ  |z Chýba č. 22 
952 |0 0  |1 0  |4 0  |7 0  |a SNK  |b SNK  |d 2022-04-14  |f 1  |i snkČSP 973/76  |l 0  |o snkČSB 1115/16/1975  |p 17A0750086  |r 2026-02-21 20:10:43  |t č. 1-26  |w 2026-02-21  |y PREZ 
952 |0 0  |1 0  |4 0  |7 0  |a SNK  |b SNK  |d 2022-04-14  |f 1  |i snkČSP 447/77  |l 0  |o snkČSB 1115/17/1976  |p 17A0750085  |r 2026-02-21 20:10:43  |t č. 1-26  |w 2026-02-21  |y PREZ 
952 |0 0  |1 0  |4 0  |7 0  |a SNK  |b SNK  |d 2022-04-14  |f 1  |i snkČSP 987/77  |l 0  |o snkČSB 1115/18/1977-1978  |p 17A0750084  |r 2026-02-21 20:10:43  |t č. 1-26/1  |w 2026-02-21  |y PREZ  |z -s č. 26/1977 vydané č. 1/1978 
952 |0 0  |1 0  |4 0  |7 0  |a SNK  |b SNK  |d 2022-04-14  |f 1  |i snkČSP 90/80  |l 0  |o snkČSB 1115/18/1978  |p 17A0750083  |r 2026-02-21 20:10:43  |t č. 2-26  |w 2026-02-21  |y PREZ 
952 |0 0  |1 0  |4 0  |7 0  |a SNK  |b SNK  |d 2022-04-14  |f 1  |i snkČSP 92/80  |l 0  |o snkČSB 1115/19/1979  |p 17A0750082  |r 2026-02-21 20:10:43  |t č. 1-25  |w 2026-02-21  |y PREZ 
952 |0 0  |1 0  |4 0  |7 0  |a SNK  |b SNK  |d 2022-04-14  |f 1  |l 0  |o snkČSB 1115/20/1980  |p 17A0750091  |r 2026-02-21 20:10:43  |t č. 1-26  |w 2026-02-21  |y PREZ 
952 |0 0  |1 0  |4 0  |7 0  |a SNK  |b SNK  |d 2022-04-14  |f 1  |i snkČSP 5/82  |l 0  |o snkČSB 1115/21/1981  |p 17A0857687  |r 2026-02-21 20:10:44  |t č. 1-26  |w 2026-02-21  |y PREZ 
952 |0 0  |1 0  |4 0  |7 0  |a SNK  |b SNK  |d 2022-04-14  |i snkČSP 676/84  |l 0  |o snkČSB 1115/23/1983  |p 17A0857659  |r 2026-02-21 20:10:44  |t č. 1-26  |w 2026-02-21  |y PREZ 
952 |0 0  |1 0  |4 0  |7 0  |a SNK  |b SNK  |d 2022-04-14  |i snkČSP 859/85  |l 0  |o snkČSB 1115/24/1984  |p 17A0857664  |r 2026-02-21 20:10:44  |t č. 1-25  |w 2026-02-21  |y PREZ 
952 |0 0  |1 0  |4 0  |7 0  |a SNK  |b SNK  |d 2022-04-14  |i snkČSP 1200/86  |l 0  |o snkČSB 1115/25/1985  |p 17A0857663  |r 2026-02-21 20:10:44  |t č. 1-24  |w 2026-02-21  |y PREZ 
952 |0 0  |1 0  |4 0  |7 0  |a SNK  |b SNK  |d 2022-04-14  |i snkČSP 4261/87  |l 0  |o snkČSB 1115/26/1986  |p 17A0857654  |r 2026-02-21 20:10:44  |t č. 1-24  |w 2026-02-21  |y PREZ 
952 |0 0  |1 0  |4 0  |7 0  |a SNK  |b SNK  |d 2022-04-14  |i snkČSP 413/89  |l 0  |o snkČSB 1115/28/1988  |p 17A0857650  |r 2026-02-21 20:10:44  |t č. 1-26  |w 2026-02-21  |y PREZ 
952 |0 0  |1 0  |4 0  |7 0  |a SNK  |b SNK  |d 2022-04-14  |i snkČSP 917/90  |l 0  |o snkČSB 1115/29/1989  |p 17A0857643  |r 2026-02-21 20:10:44  |t č. 1-24  |w 2026-02-21  |y PREZ 
952 |0 0  |1 0  |4 0  |7 0  |a SNK  |b SNK  |d 2022-04-14  |i snkČSP 456/93  |l 0  |o snkČSB 1115/31/1991  |p 17A0999268  |r 2026-02-21 20:10:44  |t č. 1-23  |w 2026-02-21  |y PREZ 
952 |0 0  |1 0  |4 0  |7 0  |a SNK  |b SNK  |d 2022-04-14  |i snkČSP 218/98  |l 0  |o snkČSB 1115/32/1992  |p 17A1462904  |r 2026-02-21 20:10:44  |t č. 1-15  |w 2026-02-21  |y PREZ 
952 |0 0  |1 0  |4 0  |7 0  |a SNK  |b SNK  |d 1998-07-08  |l 0  |o snkČSB 1115/31/1991 D1  |p 17A0148002  |r 2005-01-02 00:00:00  |w 2026-02-21  |y PREZ 
952 |0 0  |1 0  |4 0  |7 0  |a SNK  |b SNK  |d 2004-08-12  |i snkČSP 1175/88  |l 0  |o snkČSB 1115/27/1987  |p 17A0436708  |r 2005-01-02 00:00:00  |t č. 1-26  |w 2026-02-21  |y PREZ